000 00549nam a2200169 i 4500
001 54751
003 ES-MaACL
005 20230906163021.0
007 t|
008 040113s1901 sp ||||1| spa d
100 1 _aGabaldón, Luis.
_953114
245 1 0 _aRevista cómica de la Exposición Nacional de Bellas Artes de 1901 /
_cLuis Gabaldón.
260 _aMadrid :
_b[s.n.],
_c1901 (
_fTip. de Idamor Moreno)
300 _a46 p. ;
_c17 cm.
611 2 7 _aExposición Nacional de Bellas Artes.
_d1901.
_cMadrid)
_9705
852 _aES-MaACL
_jFol-Laf-559
999 _c54751
_d54751